00610 a2200205 4500003000700000005001700007008004100024020001800065040002500083041000800108050002000116100002000136245005600156260003100212300003500243336002800278337003000306338002700336650004100363CBULib20240515143727.0240417b |||||||| |||| 00| 0 eng d a9780128102138 bEnglishcCBULiberda aeng aQH 541.5.S7 Riv aLikens, Gene E. aRiver ecosystem ecologyc/ edited by Gene E. Likens bElsevier,c2010.aOxford : axii, 411 pages : illustrations 2rdacontentaText |btxt 2rdamediaaUnmediated |bn 2rdacarrieraVolumebnc 02Library of CongressaSTREAM ECOLOGY